[Event "GCT Blitz YourNextMove"]
[Site "Leuven BEL"]
[Date "2016.06.19"]
[Round "5.2"]
[White "Kramnik, V."]
[Black "Carlsen, M."]
[Result "0-1"]
[WhiteElo "2812"]
[BlackElo "2855"]
[PlyCount "106"]
[EventDate "2016.06.19"]
[EventType "blitz"]

1. Nf3 e6 2. g3 f5 3. Bg2 Nf6 4. O-O d5 5. d3 Bd6 6. c4 dxc4 7. dxc4 O-O 8. Nc3
Nc6 9. e4 e5 10. Bg5 Kh8 11. exf5 Bxf5 12. Nh4 Be6 13. Nd5 Qd7 14. Nxf6 gxf6
15. Bh6 Rg8 16. Rc1 Rad8 17. Be3 Qf7 18. Qa4 Rg4 19. Nf3 Rxc4 20. Rxc4 Bxc4 21.
Rc1 Bxa2 22. Qb5 Nb4 23. Nh4 Bd5 24. Rd1 c6 25. Qe2 Bxg2 26. Kxg2 Nd5 27. Nf5
Bf8 28. Kg1 a6 29. Qf3 Re8 30. Qe4 Qg6 31. Kh1 Rd8 32. g4 Rd7 33. Rd3 Qf7 34.
Bd2 Nc7 35. Kg1 Rxd3 36. Qxd3 Qd5 37. Qe2 Ne6 38. Be3 Qe4 39. f3 Nf4 40. fxe4
Nxe2+ 41. Kf2 Nf4 42. Bxf4 exf4 43. Kf3 Kg8 44. Kxf4 Kf7 45. e5 a5 46. b3 b5
47. exf6 Kxf6 48. Nd4 a4 49. g5+ Kg6 50. Nxc6 axb3 51. Ne5+ Kh5 52. Nf3 Bb4 53.
Kf5 b2 0-1

[Event "GCT Rapid YourNextMove"]
[Site "Leuven BEL"]
[Date "2016.06.18"]
[Round "8.1"]
[White "Carlsen, M."]
[Black "Anand, V."]
[Result "1-0"]
[WhiteElo "2855"]
[BlackElo "2770"]
[PlyCount "75"]
[EventDate "2016.06.17"]
[EventType "rapid"]

1. e4 e5 2. Nf3 Nc6 3. Bc4 Bc5 4. O-O Nf6 5. d3 d6 6. c3 a6 7. a4 Ba7 8. Na3
Ne7 9. Nc2 O-O 10. Be3 Bxe3 11. Nxe3 Ng6 12. a5 Ng4 13. h3 Nxe3 14. fxe3 Qe7
15. Qb3 c6 16. d4 Be6 17. Bxe6 fxe6 18. Rad1 Rae8 19. Qb4 exd4 20. cxd4 e5 21.
dxe5 dxe5 22. Qxe7 Rxe7 23. Rd6 Nh8 24. Nd2 Nf7 25. Rd3 Ng5 26. Rf5 h6 27. h4
Nh7 28. Nb3 Nf6 29. Nc5 Rff7 30. h5 Kh7 31. Rd8 g6 32. hxg6+ Kxg6 33. Rd6 Kg7
34. Ne6+ Kg6 35. Nd8 Rf8 36. g4 c5 37. b3 Ree8 38. Nxb7 1-0

[Event "GCT Rapid YourNextMove"]
[Site "Leuven BEL"]
[Date "2016.06.18"]
[Round "7.4"]
[White "Giri, A."]
[Black "Carlsen, M."]
[Result "0-1"]
[WhiteElo "2782"]
[BlackElo "2855"]
[PlyCount "46"]
[EventDate "2016.06.17"]
[EventType "rapid"]

1. e4 c6 2. d4 d5 3. e5 Bf5 4. Nf3 e6 5. Be2 Bb4+ 6. c3 Ba5 7. O-O Nd7 8. a4
Bc7 9. Nbd2 f6 10. Re1 Nh6 11. Nf1 fxe5 12. dxe5 O-O 13. Bxh6 gxh6 14. Qd4 Be4
15. Ng3 c5 16. Qe3 Bxf3 17. Bxf3 Qg5 18. Qxg5+ hxg5 19. Bg4 Rae8 20. Re2 Nxe5
21. Bh5 Rd8 22. Rd1 c4 23. Nf1 Nd3 0-1

[Event "GCT Rapid YourNextMove"]
[Site "Leuven BEL"]
[Date "2016.06.18"]
[Round "9.1"]
[White "Kramnik, V."]
[Black "Carlsen, M."]
[Result "0-1"]
[WhiteElo "2812"]
[BlackElo "2855"]
[PlyCount "108"]
[EventDate "2016.06.17"]
[EventType "rapid"]

1. Nf3 e6 2. g3 b5 3. e4 Bb7 4. Qe2 c5 5. Bg2 a6 6. O-O Nf6 7. e5 Nd5 8. b3 Nc6
9. Bb2 Be7 10. Nc3 Nxc3 11. dxc3 O-O 12. Rad1 Qc7 13. c4 Rad8 14. h4 f6 15.
exf6 Bxf6 16. Bxf6 gxf6 17. cxb5 axb5 18. Qxb5 Nb4 19. Qe2 Nxa2 20. Qc4 Kh8 21.
Ra1 Ra8 22. Rfe1 d5 23. Qg4 e5 24. h5 Bc8 25. Qh4 Bb7 26. Nh2 Nb4 27. Rxa8 Bxa8
28. c4 Nc2 29. Rd1 Nd4 30. cxd5 Qf7 31. Qe4 Rd8 32. h6 Bxd5 33. Qg4 Bxb3 34.
Ra1 Be6 35. Qe4 Qg6 36. Ra8 Rg8 37. Rxg8+ Bxg8 38. Qxg6 hxg6 39. Ng4 c4 40.
Nxf6 c3 41. Be4 c2 42. Bxc2 Nxc2 43. Nd7 e4 44. Nf6 e3 45. fxe3 Nxe3 46. g4 Nd5
47. Nxd5 Bxd5 48. g5 Kg8 49. Kf2 Kf8 50. Ke3 Bg8 51. Kd4 Ke8 52. Ke4 Kd7 53.
Kd3 Ke6 54. Ke4 Bh7 0-1

[Event "GCT Rapid YourNextMove"]
[Site "Leuven BEL"]
[Date "2016.06.18"]
[Round "6.4"]
[White "Carlsen, M."]
[Black "Topalov, V."]
[Result "1-0"]
[WhiteElo "2855"]
[BlackElo "2761"]
[PlyCount "93"]
[EventDate "2016.06.17"]
[EventType "rapid"]

1. d4 Nf6 2. c4 e6 3. Nc3 Bb4 4. Nf3 b6 5. Qc2 Bb7 6. a3 Bxc3+ 7. Qxc3 O-O 8.
Bg5 d6 9. Nd2 Nbd7 10. e3 c5 11. dxc5 Nxc5 12. b4 Ncd7 13. f3 Rc8 14. Be2 Ne5
15. Qb2 Ng6 16. Rc1 h6 17. Bxf6 Qxf6 18. Qxf6 gxf6 19. Kf2 Rfd8 20. Rhd1 Bc6
21. Nb1 Kf8 22. Nc3 f5 23. Rd4 Ke7 24. Rcd1 Rd7 25. g3 Rcd8 26. h3 Kf6 27. f4
Ne7 28. g4 Kg7 29. Bf3 Rc8 30. Be2 Rcd8 31. b5 Bb7 32. a4 a5 33. bxa6 Bxa6 34.
Bf3 fxg4 35. hxg4 f5 36. Rb1 Rc8 37. Rxb6 Bxc4 38. Rdxd6 Rxd6 39. Rxd6 Bb3 40.
Ne2 Rc2 41. Ke1 fxg4 42. Bxg4 h5 43. Bxe6 Bxe6 44. Rxe6 Nf5 45. Re5 Nd6 46.
Rxh5 Ra2 47. Nc3 1-0

[Event "GCT Rapid YourNextMove"]
[Site "Leuven BEL"]
[Date "2016.06.17"]
[Round "4.1"]
[White "Carlsen, M."]
[Black "Caruana, F."]
[Result "0-1"]
[WhiteElo "2855"]
[BlackElo "2804"]
[PlyCount "108"]
[EventDate "2016.06.17"]
[EventType "rapid"]

1. e4 e5 2. Nf3 Nc6 3. Bb5 a6 4. Ba4 Nf6 5. d3 Bc5 6. Bxc6 dxc6 7. h3 Nd7 8.
Be3 Bd6 9. Nc3 c5 10. Nd2 Nb8 11. a4 Nc6 12. a5 Be6 13. O-O O-O 14. Nc4 Be7 15.
b3 b5 16. axb6 cxb6 17. Bd2 b5 18. Ne3 Nb4 19. Ne2 Bg5 20. f4 exf4 21. Nxf4 a5
22. Bc3 Nc6 23. Ned5 Nd4 24. Qh5 Bxf4 25. Nxf4 Qd6 26. Rxa5 Rxa5 27. Bxa5 b4
28. Nxe6 Nxe6 29. Qd5 Qa6 30. Ra1 Rb8 31. Ra4 Qb5 32. d4 Qe2 33. Qe5 Re8 34.
dxc5 f6 35. Qd6 Qe3+ 36. Kh2 Nf4 37. Bc7 Ne2 38. Ra1 Qxe4 39. Re1 Re5 40. Qd2
Re6 41. Qd7 h5 42. Bb8 Re8 43. Bd6 Re5 44. Rf1 Rg5 45. Rf3 Rxg2+ 46. Kxg2 Nd4
47. Kg1 Nxf3+ 48. Kf2 Nd4 49. Qc8+ Kh7 50. Qa6 Qf3+ 51. Ke1 Nxc2+ 52. Kd2 Qc3+
53. Kd1 Qxb3 54. Kc1 Nd4 0-1

[Event "GCT Rapid YourNextMove"]
[Site "Leuven BEL"]
[Date "2016.06.17"]
[Round "3.2"]
[White "Aronian, L."]
[Black "Carlsen, M."]
[Result "0-1"]
[WhiteElo "2792"]
[BlackElo "2855"]
[PlyCount "90"]
[EventDate "2016.06.17"]
[EventType "rapid"]

1. d4 e6 2. Nf3 f5 3. c4 Nf6 4. Nc3 Bb4 5. Qb3 Qe7 6. Bd2 b6 7. g3 Bb7 8. Bg2
Nc6 9. O-O Na5 10. Qc2 Nxc4 11. Nb5 Nxd2 12. Nxc7+ Kf8 13. Nxd2 Bxg2 14. Kxg2
Rc8 15. Nf3 Qd8 16. Rac1 Ke7 17. Qa4 Rxc7 18. Qxb4+ d6 19. Qd2 h6 20. Kg1 Qd7
21. Rxc7 Qxc7 22. d5 Nxd5 23. Nh4 Rc8 24. Nxf5+ exf5 25. Qxd5 Qc5 26. Qd3 Qe5
27. Rd1 Rc6 28. Rd2 Qe4 29. Qxe4+ fxe4 30. f3 exf3 31. exf3 d5 32. Rxd5 Rc1+
33. Kg2 Rc2+ 34. Kh3 Rxb2 35. a4 a5 36. Re5+ Kd6 37. Rf5 Rb4 38. Rf7 Rxa4 39.
Rxg7 Rc4 40. f4 Rc7 41. Rg8 Ra7 42. f5 a4 43. f6 a3 44. Rg7 Ra8 45. f7 a2 0-1

[Event "GCT Rapid YourNextMove"]
[Site "Leuven BEL"]
[Date "2016.06.17"]
[Round "1.1"]
[White "So, W."]
[Black "Carlsen, M."]
[Result "1/2-1/2"]
[WhiteElo "2770"]
[BlackElo "2855"]
[PlyCount "75"]
[EventDate "2016.06.17"]
[EventType "rapid"]

1. e4 c5 2. Nf3 d6 3. d4 cxd4 4. Nxd4 Nf6 5. Nc3 a6 6. Be3 e5 7. Nb3 Be6 8. f3
Nbd7 9. Qd2 b5 10. O-O-O h5 11. Nd5 Rc8 12. g3 Bxd5 13. exd5 Nb6 14. Bh3 Nc4
15. Qe2 Rc7 16. Bg5 Be7 17. f4 Ng4 18. Bxg4 hxg4 19. Bxe7 Qxe7 20. Rhe1 Kf8 21.
fxe5 Qxe5 22. Nd4 Qxe2 23. Rxe2 g6 24. Nc6 Kg7 25. Rd4 f5 26. a4 Ne5 27. axb5
axb5 28. Nxe5 dxe5 29. Rxe5 Rxh2 30. c3 Ra7 31. Kb1 Rh3 32. d6 Rd7 33. Re3 Kf6
34. Kc2 g5 35. Red3 Ke6 36. Re3+ Kf6 37. Red3 Ke6 38. Re3+ 1/2-1/2

[Event "GCT Blitz Paris 2016"]
[Site "Paris FRA"]
[Date "2016.06.12"]
[Round "17.2"]
[White "Fressinet, L."]
[Black "Carlsen, M."]
[Result "0-1"]
[WhiteElo "2687"]
[BlackElo "2855"]
[PlyCount "116"]
[EventDate "2016.06.11"]
[EventType "blitz"]

1. d4 Nc6 2. Nf3 Nf6 3. d5 Nb8 4. Nc3 d6 5. e4 g6 6. Be3 Bg4 7. h3 Bxf3 8. Qxf3
Bg7 9. O-O-O Nbd7 10. g4 c6 11. Qe2 Rc8 12. Bd4 c5 13. Be3 Qa5 14. Qb5 Qxb5 15.
Bxb5 a6 16. Be2 b5 17. g5 Nh5 18. a4 b4 19. Nb1 c4 20. Nd2 c3 21. Nb3 cxb2+ 22.
Kb1 Rc3 23. Bd4 O-O 24. Bxa6 Nc5 25. Bxc3 bxc3 26. Nxc5 dxc5 27. d6 exd6 28.
Rxd6 Nf4 29. Rhd1 Bd4 30. Bb7 Nxh3 31. a5 Nxf2 32. R1xd4 cxd4 33. Rxd4 Re8 34.
a6 Nh3 35. Rd3 Nxg5 36. Rxc3 Kg7 37. a7 Ne6 38. Rc8 Rxc8 39. Bxc8 Nc7 40. Bb7
Kf6 41. e5+ Kxe5 42. Kxb2 h5 43. Kb3 g5 44. a8=Q Nxa8 45. Bxa8 g4 46. Kc3 h4
47. Kd3 h3 48. Ke3 f5 49. c4 f4+ 50. Kf2 Kd4 51. Bd5 Kc5 52. Kg1 g3 53. Kh1 Kd4
54. Kg1 Ke3 55. c5 f3 56. c6 f2+ 57. Kf1 g2+ 58. Bxg2 hxg2+ 0-1

[Event "GCT Blitz Paris 2016"]
[Site "Paris FRA"]
[Date "2016.06.12"]
[Round "14.3"]
[White "Carlsen, M."]
[Black "Kramnik, V."]
[Result "1-0"]
[WhiteElo "2855"]
[BlackElo "2812"]
[PlyCount "63"]
[EventDate "2016.06.11"]
[EventType "blitz"]

1. e4 e5 2. Nf3 Nc6 3. Bb5 Nf6 4. d3 Bc5 5. Bxc6 dxc6 6. h3 Nd7 7. Be3 O-O 8.
Qd2 Re8 9. Nc3 a5 10. Bxc5 Nxc5 11. O-O-O f6 12. Qe3 Qe7 13. d4 exd4 14. Nxd4
Bd7 15. Rhe1 b5 16. f3 b4 17. Nb1 Kh8 18. Nd2 Na4 19. Nc4 c5 20. Nf5 Qe6 21. b3
Bb5 22. bxa4 Bxc4 23. Qxc5 Qf7 24. Qc6 Be6 25. Kb2 h6 26. g4 Rad8 27. Rxd8 Rxd8
28. Qc5 Qd7 29. Qe7 Qxe7 30. Nxe7 c5 31. Nc6 c4 32. Nxd8 1-0

[Event "GCT Blitz Paris 2016"]
[Site "Paris FRA"]
[Date "2016.06.12"]
[Round "11.5"]
[White "Caruana, F."]
[Black "Carlsen, M."]
[Result "1-0"]
[WhiteElo "2804"]
[BlackElo "2855"]
[PlyCount "75"]
[EventDate "2016.06.11"]
[EventType "blitz"]

1. e4 e5 2. Nf3 Nc6 3. Bc4 Bc5 4. O-O Nf6 5. d3 d6 6. c3 h6 7. a4 a5 8. Na3
Bxa3 9. Rxa3 O-O 10. Re1 Re8 11. h3 Be6 12. Bb5 Bd7 13. Be3 Ne7 14. Bc4 Ng6 15.
Qb3 Be6 16. Bxe6 Rxe6 17. Qxb7 Rb8 18. Qa6 Rxb2 19. Qxa5 d5 20. Raa1 dxe4 21.
dxe4 Qc8 22. Nd2 Nh5 23. Nc4 Rb8 24. Reb1 Ra8 25. Qc5 Nhf4 26. Bxf4 Nxf4 27.
Nxe5 Qe8 28. Nf3 Rg6 29. Qf5 Nxg2 30. Kh1 Raa6 31. e5 Qa8 32. Rb4 c5 33. Re4
Qd5 34. c4 Qd3 35. Rg1 Rxa4 36. e6 Rxe6 37. Ne5 Nh4 38. Qxf7+ 1-0

[Event "GCT Blitz Paris 2016"]
[Site "Paris FRA"]
[Date "2016.06.12"]
[Round "13.4"]
[White "Aronian, L."]
[Black "Carlsen, M."]
[Result "1-0"]
[WhiteElo "2792"]
[BlackElo "2855"]
[PlyCount "107"]
[EventDate "2016.06.11"]
[EventType "blitz"]

1. d4 e6 2. Nf3 c5 3. g3 Nf6 4. Bg2 cxd4 5. O-O Nc6 6. Nxd4 Bc5 7. Nb3 Be7 8.
c4 O-O 9. Nc3 b6 10. Bf4 Bb7 11. Rc1 d6 12. Nb5 Ne8 13. Qd2 a6 14. Nc3 Qb8 15.
Rfd1 Nd8 16. Ne4 e5 17. Bg5 f6 18. Be3 f5 19. Nc3 Bxg2 20. Kxg2 Ne6 21. Nd5 Bd8
22. f3 Ra7 23. Nb4 Qc8 24. Qd5 Kh8 25. Nc6 Rb7 26. Nxd8 Nxd8 27. c5 bxc5 28.
Bxc5 dxc5 29. Qxd8 Nf6 30. Qxc8 Rxc8 31. Rxc5 Rxc5 32. Rd8+ Ng8 33. Nxc5 Rxb2
34. Kf2 Rxa2 35. h4 h6 36. h5 Rc2 37. Nd3 e4 38. Ne5 exf3 39. Kxf3 Kh7 40. Ng6
a5 41. Ra8 Ra2 42. e3 a4 43. Kf4 Rf2+ 44. Ke5 Rf3 45. Ke6 Rxe3+ 46. Kf7 Rb3 47.
Nf8+ Kh8 48. Ng6+ Kh7 49. Nf8+ Kh8 50. Nd7 Rb7 51. Rxg8+ Kh7 52. Rxg7+ Kh8 53.
Kg6 a3 54. Rh7+ 1-0

[Event "GCT Blitz Paris 2016"]
[Site "Paris FRA"]
[Date "2016.06.12"]
[Round "15.3"]
[White "Giri, A."]
[Black "Carlsen, M."]
[Result "1-0"]
[WhiteElo "2782"]
[BlackElo "2855"]
[PlyCount "81"]
[EventDate "2016.06.11"]
[EventType "blitz"]

1. e4 c5 2. Nf3 e6 3. d4 cxd4 4. Nxd4 a6 5. g3 d6 6. Bg2 Nf6 7. c4 Bd7 8. O-O
Nc6 9. Nc3 Be7 10. Nxc6 Bxc6 11. a4 a5 12. Be3 O-O 13. Qe2 Nd7 14. Rfd1 Qb8 15.
Nb5 Rd8 16. f4 b6 17. e5 Bxg2 18. exd6 Bc6 19. dxe7 Re8 20. Nd4 Be4 21. Nxe6
Rxe7 22. Nxg7 Qb7 23. Bd4 Bh1 24. Qf2 Rae8 25. Nxe8 Rxe8 26. Re1 Be4 27. f5 f6
28. Qf4 Qc6 29. Re3 Nc5 30. Rae1 Nd3 31. Qg4+ Kf8 32. R1e2 Nc5 33. h4 Re7 34.
Qf4 Nd3 35. Qh6+ Kf7 36. Rxd3 Qxc4 37. Qxf6+ Ke8 38. Qh8+ Kd7 39. Rdd2 Kc7 40.
Qf6 Rd7 41. Qe5+ 1-0

[Event "GCT Blitz Paris 2016"]
[Site "Paris FRA"]
[Date "2016.06.12"]
[Round "16.4"]
[White "Carlsen, M."]
[Black "Topalov, V."]
[Result "0-1"]
[WhiteElo "2855"]
[BlackElo "2761"]
[PlyCount "92"]
[EventDate "2016.06.11"]
[EventType "blitz"]

1. e4 c5 2. Nf3 d6 3. Bb5+ Nd7 4. a4 Ngf6 5. Nc3 g6 6. a5 Bg7 7. O-O a6 8. Bc4
O-O 9. d3 Nb8 10. Nd5 Nc6 11. Nb6 Rb8 12. Bd2 Bg4 13. h3 Bxf3 14. Qxf3 Nd7 15.
Nxd7 Qxd7 16. Rab1 Qd8 17. h4 Nxa5 18. Ba2 Nc6 19. h5 e6 20. g3 b5 21. Kg2 Qf6
22. Qd1 a5 23. hxg6 hxg6 24. Rh1 Nb4 25. Bc3 Qg5 26. f4 Qe7 27. Qg4 Nxa2 28.
Qh3 f6 29. Qh7+ Kf7 30. Rh6 Rg8 31. Bxa5 Kf8 32. Rh3 Qf7 33. c3 Ra8 34. Bb6 Ra6
35. Bd8 Ke8 36. Bc7 Kd7 37. e5 Rh8 38. Qxh8 Bxh8 39. Rxh8 Kxc7 40. Rbh1 dxe5
41. R1h7 Qxh7 42. Rxh7+ Kd6 43. Kf3 exf4 44. gxf4 b4 45. c4 Nc1 46. Ke3 Nb3 0-1

[Event "GCT Blitz Paris 2016"]
[Site "Paris FRA"]
[Date "2016.06.12"]
[Round "10.1"]
[White "So, W."]
[Black "Carlsen, M."]
[Result "0-1"]
[WhiteElo "2770"]
[BlackElo "2855"]
[PlyCount "56"]
[EventDate "2016.06.11"]
[EventType "blitz"]

1. c4 Nf6 2. Nc3 e5 3. Nf3 Nc6 4. g3 d5 5. cxd5 Nxd5 6. Bg2 Nb6 7. O-O Be7 8.
d3 O-O 9. a3 Re8 10. b4 Bf8 11. Bb2 Bg4 12. Nd2 Qc8 13. Re1 a5 14. b5 Nd4 15.
Nb3 a4 16. Nxd4 exd4 17. Ne4 Qd7 18. Qc2 Rad8 19. Nc5 Bxc5 20. Qxc5 Rxe2 21.
Rxe2 Bxe2 22. Bxb7 Bxd3 23. Rd1 Qxb5 24. Qxc7 Rf8 25. Bxd4 Nc4 26. Bf3 Qb3 27.
Bc5 Re8 28. Qd7 Qxd1+ 0-1

[Event "GCT Blitz Paris 2016"]
[Site "Paris FRA"]
[Date "2016.06.11"]
[Round "2.5"]
[White "Carlsen, M."]
[Black "Caruana, F."]
[Result "1/2-1/2"]
[WhiteElo "2855"]
[BlackElo "2804"]
[PlyCount "136"]
[EventDate "2016.06.11"]
[EventType "blitz"]

1. e4 c5 2. Nf3 e6 3. c4 Nc6 4. Nc3 Nf6 5. Be2 Qb6 6. O-O Be7 7. Rb1 O-O 8. a3
Qc7 9. d4 cxd4 10. Nxd4 b6 11. Ndb5 Qb8 12. Be3 Bb7 13. f4 Rd8 14. Kh1 d6 15.
Bf3 Nd7 16. Ne2 a6 17. Nbc3 Bf6 18. b4 Ne7 19. Qd3 Ng6 20. g3 Be7 21. Nd4 Qc7
22. Rbc1 Rac8 23. Nce2 Qb8 24. Bg2 Qa8 25. Nc3 Rc7 26. Qe2 Bf6 27. f5 Ngf8 28.
Bg1 Rdc8 29. fxe6 fxe6 30. Nb1 b5 31. Nd2 Bg5 32. N4f3 Bh6 33. e5 Nxe5 34. Nxe5
Bxg2+ 35. Qxg2 Qxg2+ 36. Kxg2 Bxd2 37. Rcd1 dxe5 38. Rxd2 bxc4 39. Bb6 c3 40.
Rc2 Rd7 41. Bc5 Rd2+ 42. Rf2 Rd3 43. Rf3 e4 44. Rxd3 exd3 45. Rxc3 Rd8 46. Rc1
Ng6 47. Be3 Ne5 48. Bd2 Rd4 49. Kf2 Re4 50. Re1 Rxe1 51. Kxe1 Nc4 52. a4 Kf7
53. b5 axb5 54. a5 Ke7 55. a6 Kd7 56. a7 Nb6 57. Bc3 g6 58. Kd2 Kc6 59. Kxd3
Kb7 60. Ke4 Kxa7 61. Ke5 Kb7 62. Kxe6 Kc6 63. Kf7 Nd5 64. Bd2 b4 65. Bxb4 Nxb4
66. Kg7 Kd6 67. Kxh7 g5 68. Kg6 g4 1/2-1/2

[Event "GCT Blitz Paris 2016"]
[Site "Paris FRA"]
[Date "2016.06.11"]
[Round "1.1"]
[White "Carlsen, M."]
[Black "So, W."]
[Result "1/2-1/2"]
[WhiteElo "2855"]
[BlackElo "2770"]
[PlyCount "50"]
[EventDate "2016.06.11"]
[EventType "blitz"]

1. e4 e5 2. Nf3 Nc6 3. d3 Nf6 4. g3 d5 5. exd5 Nxd5 6. Bg2 Bd6 7. O-O O-O 8.
Re1 Re8 9. Nc3 Nxc3 10. bxc3 Rb8 11. Rb1 h6 12. Nd2 Ne7 13. Nc4 Ng6 14. d4 Be6
15. Na5 exd4 16. Rxb7 Qf6 17. Rxb8 Rxb8 18. Nc6 Rb1 19. cxd4 Nf4 20. gxf4 Bxf4
21. d5 Bd7 22. Qf3 Bxc6 23. dxc6 Rxc1 24. Rxc1 Bxc1 25. Qxf6 gxf6 1/2-1/2

[Event "GCT Blitz Paris 2016"]
[Site "Paris FRA"]
[Date "2016.06.11"]
[Round "4.4"]
[White "Carlsen, M."]
[Black "Aronian, L."]
[Result "1-0"]
[WhiteElo "2855"]
[BlackElo "2792"]
[PlyCount "57"]
[EventDate "2016.06.11"]
[EventType "blitz"]

1. e4 e5 2. Nf3 Nc6 3. Bb5 Nf6 4. d3 Bc5 5. Bxc6 dxc6 6. h3 Be6 7. Nc3 Qd6 8.
Na4 Bb6 9. O-O O-O 10. b3 h6 11. Bb2 Nd7 12. Nxb6 axb6 13. d4 exd4 14. Nxd4 c5
15. Nb5 Qc6 16. c4 f6 17. f4 Rfe8 18. Qf3 Re7 19. a4 Nf8 20. Nc3 Qe8 21. Rae1
c6 22. f5 Bf7 23. e5 fxe5 24. Ne4 Nh7 25. Qg3 Rd7 26. Bxe5 Qf8 27. Kh2 b5 28.
Nxc5 Rd2 29. Ne6 1-0

[Event "GCT Blitz Paris 2016"]
[Site "Paris FRA"]
[Date "2016.06.11"]
[Round "6.3"]
[White "Carlsen, M."]
[Black "Giri, A."]
[Result "1-0"]
[WhiteElo "2855"]
[BlackElo "2782"]
[PlyCount "67"]
[EventDate "2016.06.11"]
[EventType "blitz"]

1. e4 c5 2. Nf3 d6 3. Bc4 Nf6 4. d3 g6 5. e5 dxe5 6. Nxe5 e6 7. Qf3 Nbd7 8. Bb5
Bg7 9. Bxd7+ Bxd7 10. Qxb7 O-O 11. Nc3 Be8 12. Nc6 Bxc6 13. Qxc6 Nd5 14. Nxd5
exd5 15. O-O Rc8 16. Qa4 Qc7 17. c3 Qb7 18. Re1 Rc6 19. Re2 Rb6 20. Qc2 Rb8 21.
Rb1 Qa6 22. Bf4 Rc8 23. b3 c4 24. bxc4 dxc4 25. d4 Rxb1+ 26. Qxb1 h5 27. h4 Qa5
28. Re3 Qd5 29. Qe4 Qd7 30. d5 Bf6 31. g3 Qg4 32. d6 Kh7 33. Qd5 Rb8 34. Qxf7+
1-0

[Event "GCT Blitz Paris 2016"]
[Site "Paris FRA"]
[Date "2016.06.11"]
[Round "7.4"]
[White "Topalov, V."]
[Black "Carlsen, M."]
[Result "1/2-1/2"]
[WhiteElo "2761"]
[BlackElo "2855"]
[PlyCount "97"]
[EventDate "2016.06.11"]
[EventType "blitz"]

1. e4 e5 2. Nf3 Nc6 3. Bb5 a6 4. Ba4 Nf6 5. O-O Be7 6. d3 d6 7. c3 O-O 8. Re1
Re8 9. Nbd2 Bf8 10. h3 Bd7 11. Nf1 Ne7 12. Bc2 c5 13. Ng3 Ng6 14. d4 cxd4 15.
cxd4 exd4 16. Qxd4 Rc8 17. Bb3 Ne5 18. Qd1 h6 19. Bf4 Qa5 20. Bxe5 dxe5 21. Nh5
Be6 22. Nxf6+ gxf6 23. Nh4 Red8 24. Qf3 Bg7 25. Nf5 Bxf5 26. Qxf5 Qd2 27. h4
Qf4 28. Qh5 Rd2 29. Qxf7+ Kh8 30. Rf1 Qxe4 31. Rad1 Rxd1 32. Rxd1 Rf8 33. Qh5
f5 34. Bd5 Qc2 35. Bb3 Qxb2 36. Qg6 e4 37. Rd7 Qa1+ 38. Kh2 Qe5+ 39. Kh3 f4 40.
Rf7 Rd8 41. Bc2 Rd6 42. Qxe4 Qxe4 43. Bxe4 b5 44. Rxf4 Rd2 45. a3 Ra2 46. Rf3
Bd4 47. Bd5 Rxf2 48. Rxf2 Bxf2 49. Bb7 1/2-1/2

[Event "GCT Blitz Paris 2016"]
[Site "Paris FRA"]
[Date "2016.06.11"]
[Round "5.3"]
[White "Kramnik, V."]
[Black "Carlsen, M."]
[Result "0-1"]
[WhiteElo "2812"]
[BlackElo "2855"]
[PlyCount "110"]
[EventDate "2016.06.11"]
[EventType "blitz"]

1. e4 e5 2. Nf3 Nc6 3. Bc4 Nf6 4. d3 Be7 5. O-O O-O 6. Re1 d6 7. a4 Na5 8. Ba2
c5 9. Nbd2 Nc6 10. c3 Be6 11. Bxe6 fxe6 12. b4 cxb4 13. cxb4 Nxb4 14. Qb3 d5
15. Nxe5 Rc8 16. Rb1 Nc2 17. Rf1 Nd4 18. Qd1 Qc7 19. Ndf3 dxe4 20. dxe4 Nxf3+
21. Nxf3 Nxe4 22. Qe2 Qc4 23. Qxc4 Rxc4 24. Rxb7 Bc5 25. Bb2 Nf6 26. Ng5 Re8
27. a5 h6 28. Nf7 Re7 29. Rxe7 Bxe7 30. Ne5 Rc2 31. Bd4 Bc5 32. Nc6 a6 33. Ra1
Bd6 34. Bxf6 Rxc6 35. Bd4 Bc7 36. g3 Kf7 37. Kg2 h5 38. Kf3 e5 39. Be3 Ke6 40.
Ra4 Kd5 41. g4 g6 42. gxh5 gxh5 43. Rh4 Rf6+ 44. Ke2 Rf5 45. Bb6 Bd6 46. f3 Be7
47. Ra4 Rg5 48. Kf1 Rg6 49. Ra2 Rc6 50. Rd2+ Ke6 51. Kg2 Rc3 52. Re2 Kf5 53.
Re4 Rc2+ 54. Kh3 Bg5 55. Be3 Rc3 0-1

[Event "GCT Blitz Paris 2016"]
[Site "Paris FRA"]
[Date "2016.06.11"]
[Round "8.2"]
[White "Carlsen, M."]
[Black "Fressinet, L."]
[Result "1-0"]
[WhiteElo "2855"]
[BlackElo "2687"]
[PlyCount "45"]
[EventDate "2016.06.11"]
[EventType "blitz"]

1. e4 e6 2. d4 d5 3. Nc3 Nf6 4. e5 Nfd7 5. Nce2 c5 6. c3 Nc6 7. Nf3 b5 8. a3 a5
9. Nf4 Ba6 10. h4 h6 11. Bd3 Qb6 12. Be3 Be7 13. O-O cxd4 14. Nxd4 Nxd4 15.
Bxd4 Bc5 16. b4 Bxd4 17. cxd4 axb4 18. axb4 g5 19. Nh5 Qxd4 20. Nf6+ Ke7 21.
Nxd7 Qxb4 22. Nb6 Ra7 23. Qf3 1-0

[Event "ICC Open Final 2016"]
[Site "ICC INT"]
[Date "2016.06.05"]
[Round "2.4"]
[White "Carlsen, M."]
[Black "Grischuk, A."]
[Result "0-1"]
[WhiteElo "2855"]
[BlackElo "2747"]
[PlyCount "182"]
[EventDate "2016.06.05"]

1. e4 c5 2. Nf3 d6 3. Bb5+ Nd7 4. a4 Ngf6 5. d3 e6 6. O-O Be7 7. a5 O-O 8. a6
Qb6 9. axb7 Bxb7 10. Na3 d5 11. e5 Qc7 12. exf6 Nxf6 13. Re1 Bd6 14. Ba4 a6 15.
Bg5 Nh5 16. c3 h6 17. Bh4 Nf4 18. Bg3 g5 19. d4 c4 20. Bxf4 Bxf4 21. g3 Bd6 22.
Nc2 Rab8 23. Ne3 Bc8 24. Ng4 Kg7 25. Bc2 f6 26. h4 h5 27. Nxf6 Rxf6 28. hxg5
Rf8 29. Nh4 Bxg3 30. Qxh5 Bxf2+ 31. Kh1 Rh8 32. Qg6+ Kf8 33. Qf6+ Kg8 34. Qxf2
Rxb2 35. Rac1 Qf7 36. Qxf7+ Kxf7 37. Rf1+ Kg7 38. Rf4 Bd7 39. Kg1 Be8 40. Nf3
a5 41. Ne5 Rh3 42. Rf3 Rxf3 43. Nxf3 a4 44. Bxa4 Bxa4 45. Ne5 Bc2 46. Ra1 Be4
47. Ra7+ Kg8 48. Kf1 Rg2 49. g6 Rg5 50. Ra8+ Kg7 51. Ra7+ Kg8 52. Ra8+ Kg7 53.
Re8 Bxg6 54. Rxe6 Be4 55. Re7+ Kf6 56. Rf7+ Ke6 57. Ra7 Rg3 58. Ra3 Kf5 59. Ke2
Kf4 60. Ra8 Rg2+ 61. Kf1 Ke3 62. Rh8 Rc2 63. Rh3+ Kd2 64. Kf2 Rxc3 65. Rh2 Rc2
66. Kg3+ Ke3 67. Rh8 Kxd4 68. Ng4 c3 69. Rc8 Rg2+ 70. Kf4 Rxg4+ 71. Kxg4 Kd3
72. Kf4 c2 73. Ke5 Kd2 74. Kd4 c1=Q 75. Rc5 Qxc5+ 76. Kxc5 Kc3 77. Kd6 d4 78.
Ke5 Bc2 79. Kf4 d3 80. Kf3 d2 81. Kf4 d1=Q 82. Ke5 Qd2 83. Ke6 Qe2+ 84. Kf6 Qe3
85. Kf7 Kd4 86. Kf6 Qe5+ 87. Kf7 Kd5 88. Kf8 Kd6 89. Kf7 Qf4+ 90. Ke8 Bg6+ 91.
Kd8 Qf8# 0-1

[Event "ICC Open Final 2016"]
[Site "ICC INT"]
[Date "2016.06.05"]
[Round "1.3"]
[White "Hevia, A."]
[Black "Carlsen, M."]
[Result "0-1"]
[WhiteElo "2533"]
[BlackElo "2855"]
[PlyCount "138"]
[EventDate "2016.06.05"]

1. e4 e5 2. Nf3 Nc6 3. Bb5 a6 4. Ba4 Nf6 5. O-O Be7 6. Re1 b5 7. Bb3 O-O 8. c3
d6 9. h3 Nb8 10. d4 Nbd7 11. Nbd2 Bb7 12. Bc2 Re8 13. Nf1 Bf8 14. Ng3 g6 15.
Bg5 h6 16. Bd2 Bg7 17. a4 c5 18. d5 c4 19. Qe2 Nc5 20. Ra3 Rb8 21. Be3 Nfd7 22.
Nd2 Bc8 23. Rb1 Nb6 24. axb5 axb5 25. Bxc5 dxc5 26. Ngf1 Bd7 27. Ne3 Ra8 28.
Rba1 Qc7 29. Qf1 Qb7 30. R1a2 Bf8 31. Qa1 Rxa3 32. Rxa3 Ra8 33. Bd1 h5 34. Be2
Bh6 35. Ndf1 Kg7 36. Rxa8 Qxa8 37. Qd1 Qd8 38. Qa1 Nc8 39. Qa6 Qb6 40. Qa8 Nd6
41. h4 Nxe4 42. Bf3 Nf6 43. Nd2 Qd6 44. Qd8 Qa6 45. Ne4 Nxe4 46. Bxe4 Qa1+ 47.
Nf1 Bg4 48. Qe8 Be2 49. Qxe5+ Kh7 50. Bxg6+ Kxg6 51. Qxe2 Qb1 52. d6 Bg7 53.
Qe7 Bf6 54. Qe8 Qxb2 55. d7 Qxc3 56. Qg8+ Kf5 57. Qxf7 Ke4 58. Ng3+ Kd3 59. Qe8
Qd4 60. Qe6 Kc2 61. Nf5 Qd1+ 62. Kh2 Bd8 63. Qe8 Bc7+ 64. g3 Qd2 65. Ne3+ Kc1
66. Kg2 c3 67. Qe4 Qxd7 68. Qf5 Qd2 69. Qxc5 c2 0-1

[Event "ICC Open Final 2016"]
[Site "ICC INT"]
[Date "2016.06.05"]
[Round "1.1"]
[White "Hevia, A."]
[Black "Carlsen, M."]
[Result "0-1"]
[WhiteElo "2533"]
[BlackElo "2855"]
[PlyCount "58"]
[EventDate "2016.06.05"]

1. e4 c5 2. Nf3 d6 3. d4 cxd4 4. Nxd4 Nf6 5. Nc3 a6 6. Bg5 e6 7. f4 Qc7 8. Bxf6
gxf6 9. Be2 Nc6 10. Nb3 b5 11. a3 Qb6 12. Qd2 h5 13. O-O-O Rb8 14. Bf3 b4 15.
axb4 Nxb4 16. Qd4 Qxd4 17. Rxd4 h4 18. Rd2 Bh6 19. g3 Ke7 20. Kb1 Rg8 21. Rg2
Bd7 22. Nd4 Rgc8 23. Rd2 a5 24. Nde2 a4 25. Rhd1 Rb6 26. Kc1 Bg7 27. Rd4 f5 28.
e5 d5 29. Kd2 f6 0-1